000 00811nas a2200265 4500
001 BR0601216
003 BR-BrBNA
005 20231205105904.0
007 ta
008 230509b bl.|||p| |||| 00| 00por d
040 _aBR-BrBNA
_bpor
_cBiblioteca Nacional de Agricultura
041 _a(Pt)
072 _aF06
100 1 _aReis, E.F. dos
100 1 _aBarros, F.M.
100 1 _aCampanharo, M.
100 1 _aPezzopane, J.E.M.
245 1 _aAvaliação do desempenho de sistemas de irrigação por gotejamento
650 _aIRRIGAÇÃO POR GOTEJAMENTO
650 _aMANEJO DE ÁGUA
650 _aMODELO MATEMÁTICO
773 0 _tEngenharia na Agricultura (Brazil)
_xISSN 1414-3984
_g(Apr-Jun 2005), v. 13(2) p. 74-81
_wBR0601216
909 _a202311
_bLúcia
_c55
_dLúcia Elande
942 _2AGRIS
_n0
_cANA
999 _c185205
_d185205